Statistics for Organic Chemistry Reactions

Click here to take the quiz!

General Stats

  • This quiz has been taken 54 times
  • The average score is 5 of 33

Answer Stats

QuestionAnswer% Correct
alkene to diolKMnO4
77%
Alkene to dihalogenoalkanehalogen room temp
38%
alkene to alkaneH2 Ni
31%
alkane to halogenoalkanehalogen UV light
23%
alkene to halogenoalkanehydrogen halide room temp
19%
carboxylic acid to acyl chloridePCl5
19%
acyl chloride to esteralcohol room temp
15%
ketone to hydroxynitrileHCN KCN
15%
aldehyde to hydroxynitirileHCN KCN
15%
acyl chloride to 1º amideNH3 room temp
15%
acyl chloride to carboxylic acidH2O room temp
12%
amine to 2º or 3º amineshalogenoalkane
12%
ketone to 2º alcholLiAlH4 dry ether
12%
aldehyde to 1º alcoholLiAlH4 dry ether
12%
carboxylic acid to 1º alcoholLiAlH4 dry ether
12%
nitrile to amineLiAlH4 dry ether
12%
acyl chloride to 2º amide1º amine room temp
8%
1º alcohol to aldehydeacidified K2Cr2O7 distillation
8%
aldehyde to carboxylic acidacidified K2Cr2O7 reflux
8%
2º alcohol to ketoneacidified K2Cr2O7 reflux
8%
carboxylic acid to esteralcohol H2SO4 heat
8%
halogenoalkane to alkenealcoholic KOH reflux
8%
halogenoalkane to nitrileCN- ethanol
8%
alcohol to alkeneconc H3PO4
8%
nitrile to carboxylic acidheat with HCl
8%
halogenoalkane to alcoholKOH (aq) reflux
8%
dihalogenoalkane to diolKOH (aq) reflux
8%
alcohol to bromoalkaneNaBr H2SO4 reflux
8%
alcohol to chloroalkanePCl5 reflux
8%
alcohol to iodoalkanered phosphorus iodine reflux
8%
alkene to alcoholsteam conc H3PO4
8%
amine to 2º amideacyl chloride room temp
4%
halogenoalkane to aminealcoholic NH3 heat under pressure
4%

Score Distribution

Percentile by Number Answered

Percent of People with Each Score

Your Score History

You have not taken this quiz